000 00591nam a2200193Ia 4500
999 _c23503
_d23503
003 OSt
005 20201027114856.0
008 190216s9999||||xx |||||||||||||| ||und||
020 _a9788187570121
040 _coclc
082 _a956.304088297
_bLAN/M
100 _aLane-Poole, Stanley
_92361
245 4 _aThe Muslims In Spain /
_cStanley Lane-Poole
250 _a1st Ed.
260 _bGoodword Books,
_c2006.
_aNew Delhi;
300 _a251p
650 0 _aHistory & geography
_92271
_vIslamic History
942 _cBK
_2ddc
_h956.04088297
_iLAN/M
_k956.04088297
_mLAN/M